| 000 | 01534cam a22003131 4500 | ||
|---|---|---|---|
| 001 | 8453 | ||
| 003 | BD-RjUL | ||
| 005 | 20211208234606.0 | ||
| 008 | 140118s1960 njua b 001 0 eng d | ||
| 035 | _a(BD-RjUL)8498 | ||
| 035 | _a(OCoLC)323557 | ||
| 040 |
_aDLC _cODaWU _dOCoLC _dDLC _dBD-RjUL _beng |
||
| 041 | 1 | _aengperara | |
| 051 |
_aQB85 _b.P5 |
||
| 082 |
_a522.68 _bPLA 1960 |
||
| 245 | 0 | 4 |
_aThe planetary equatorium of Jamshīd Ghiyāth al-Dīn al-Kāshī (d. 1429): an edition of the anonymous Persian manuscript 75 <44b> in the Garett Collection at Princeton University; _bbeing a description of two computing instruments, the plate of heavens and the plate of conjunctions. _cWith translation and commentary by E.S. Kennedy. |
| 260 |
_aPrinceton, N.J., _bPrinceton University Press, _cc1960. |
||
| 300 |
_axv, 267 p. _billus., diagrs., tables. _c22 cm. |
||
| 500 | _aThe author's work can be characterized as largely a translation into Persian of selected parts from al-Kāshī's Arabic text: Nuzhat al-ḥadāíq and its Samarqand recension. | ||
| 504 | _aBibliography: p. 251-255. | ||
| 650 | 0 |
_aAstronomical instruments. _926322 |
|
| 700 | 1 |
_aKennedy, E. S. _q(Edward Stewart), _d1912- _926323 |
|
| 700 | 1 |
_aKāshī, Jamshīd ibn Masʻūd, _d-approximately 1436. _tNuzhat al-ḥādíq. _926324 |
|
| 710 | 2 |
_aPrinceton University. _bLibrary. _kMss. (Garrett, Persian, 75 <44b>) _926325 |
|
| 942 |
_2ddc _cBK |
||
| 999 |
_c8453 _d8453 |
||